Compendio de lógica

Sparad:
Bibliografiska uppgifter
Huvudupphovsman: Juan de Santo Tomás (Författare, medförfattare)
Materialtyp: Bok
Språk:spanska
Publicerad: Ciudad de México Universidad Nacional Autónoma de México 1986
Ämnen:
Taggar: Lägg till en tagg
Inga taggar, Lägg till första taggen!

MARC

LEADER 00000nam a2200000 a 4500
001 UCZ5916
003 CL-VaPUC
008 951127e19860000MX |||||||||||||||||spa|d
082 0 4 |a 160  |b JUA  |2 21 
100 0 |a Juan de Santo Tomás  |e author  |9 350097 
245 1 0 |a Compendio de lógica 
300 |a 137 p 
942 |c BK 
945 |d 19951127 00:00:00  |a rbrito 
260 |a Ciudad de México  |b Universidad Nacional Autónoma de México  |c 1986 
650 0 |a Filosofía   |9 223554 
650 0 |a Lógica  |9 256849 
583 |a last modification  |c 19951127 00:00:00  |k Rodrigo Vera 
999 |c 242191  |d 242189 
952 |0 0  |1 0  |4 0  |6 160_000000000000000_JUA_1986  |7 0  |8 P  |9 254957  |a BIBEDU  |b BIBEDU  |c BIBEDU_PB  |d 2019-11-19  |i 3153207  |o 160 JUA 1986  |p 3153207  |r 2024-01-25  |w 2019-11-19  |y BK  |k FIL